书目信息 |
| 题名: |
我的世界无声 无光 无语
|
|
| 作者: | 凯勒, 著 ;双才 译 | |
| 分册: | ||
| 出版信息: | 北京 中国大地出版社 2004.06 |
|
| 页数: | 29, 255页, [18] 页图版 | |
| 开本: | 22cm | |
| 丛书名: | ||
| 单 册: | ||
| 中图分类: | K837.128.5 | |
| 科图分类: | ||
| 主题词: | 名人--自传--美国--现代 | |
| 电子资源: | ||
| ISBN: | 7-80097-644-0 | |
| 000 | 01148nam0 2200277 450 | |
| 001 | 0165036146 | |
| 005 | 20050819180452.53 | |
| 010 | @a7-80097-644-0@dCNY22.00 | |
| 100 | @a20050122d2004 km y0chiy0120 ea | |
| 101 | 1 | @achi@ceng |
| 102 | @aCN@b110000 | |
| 105 | @aacf z 000ya | |
| 200 | 1 | @a我的世界无声 无光 无语@Awo de shi jie wu sheng wu guang wu yu@e海伦·凯勒的伟大一生@f海伦·凯勒著@Fhai lun·kai le zhu@g双才译@Gshuang cai yi@zeng |
| 210 | @a北京@c中国大地出版社@d2004.06 | |
| 215 | @a29, 255页, [18] 页图版@c图, 肖像@d22cm | |
| 312 | @a并列题名取自封面。 | |
| 330 | @a该书根据海伦·凯勒的自传、随笔、书信等编译,全面介绍了海伦真实、生动、充满奇迹的伟大一生,并附有很多照片。 | |
| 510 | 1 | @aMy world no sounds no sights no words@eGreat life of Helen Keller@zeng |
| 517 | 1 | @a海伦·凯勒的伟大一生@Ahai lun·kai le de wei da yi sheng |
| 600 | 1 | @a凯勒,@bH.@c(Keller, Hellen),@f1880-1967@x自传 |
| 606 | 0 | @a名人@x自传@y美国@z现代 |
| 690 | @aK837.128.5@v4 | |
| 701 | 1 | @a凯勒,@Akai le,@bH.@g(Keller, Hellen),@f1880-1967@4著 |
| 702 | 0 | @a双才@Ashuang cai@4译 |
| 801 | 0 | @aCN@bQSSK@c20050819 |
| 905 | @a10447@dK837.128.5@eK170 | |
| 我的世界无声 无光 无语:海伦·凯勒的伟大一生/海伦·凯勒著/双才译.-北京:中国大地出版社,2004.06 |
| 29, 255页, [18] 页图版:图, 肖像;22cm |
| ISBN 7-80097-644-0:CNY22.00 |
| 该书根据海伦·凯勒的自传、随笔、书信等编译,全面介绍了海伦真实、生动、充满奇迹的伟大一生,并附有很多照片。 |
| ● |
| 相关链接 |
|
|
|
正题名:我的世界无声 无光 无语
索取号:K837.128.5/K170
 
预约/预借
| 序号 | 登录号 | 条形码 | 馆藏地/架位号 | 状态 | 备注 |
| 1 | 560147 | 205601473 | 社科库309/309社科库 6排3列4层/ [索取号:K837.128.5/K170] | 在馆 | |
| 2 | 560148 | 205601482 | 社科库309/309社科库 6排3列4层/ [索取号:K837.128.5/K170] | 在馆 | |
| 3 | 560149 | 205601491 | 社科库309/309社科库 6排3列4层/ [索取号:K837.128.5/K170] | 在馆 |